My Chemical Romance Discography - Statistics

General Stats
  • This quiz has been taken 114 times
  • The average score is 50 of 82
Answer Stats
Hint Answer % Correct
S/C/A/R/E/C/R/O/W
99%
Three Cheers for Sweet Revenge Helena
93%
Dead!
87%
The Black Parade The End
87%
Vampires Will Never Hurt You
85%
Na Na Na (Na Na Na Na Na Na Na Na Na)
85%
Welcome to the Black Parade
84%
Teenagers
83%
Cancer
81%
Demolition Lovers
80%
Honey, This Mirror Isn't Big Enough for the Two of Us
80%
I'm Not Okay (I Promise)
80%
I Don't Love You
80%
I Brought You My Bullets, You Brought Me Your Love Romance
79%
Blood
77%
Cemetery Drive
77%
House of Wolves
77%
Mama
76%
The Sharpest Lives
76%
Cubicles
75%
Disenchanted
75%
Give 'Em Hell, Kid
75%
Early Sunsets Over Monroeville
75%
Famous Last Words
75%
Our Lady of Sorrows
75%
Skylines and Turnstiles
73%
Thank You for the Venom
73%
You Know What They Do to Guys Like Us in Prison
73%
Sleep
72%
The Ghost of You
72%
Headfirst for Halos
71%
I Never Told You What I Do For A Living
71%
DESTROYA
69%
Interlude
68%
Summertime
68%
This Is How I Disappear
68%
Hang 'Em High
67%
It's Not a Fashion Statement, It's A Fucking Deathwish
65%
Drowning Lessons
65%
Planetary (GO)
65%
The Jetset Life Is Gonna Kill You
64%
This Is The Best Day Ever
64%
Bulletproof Heart
63%
Gun.
61%
Desert Song
60%
Danger Days Look Alive, Sunshine
60%
Party Poison
60%
AMBULANCE
59%
Life on the Murder Scene Bury Me in Black
59%
Jet-Star and the Kobra Kid/Traffic Report
59%
Save Yourself, I'll Hold Them Back
59%
The Kids from Yesterday
59%
The Light Behind Your Eyes
57%
Emily
56%
Kill All Your Friends
56%
Conventional Weapons Boy Division
55%
The Only Hope for me Is You
53%
The Mad Gear and Missile Kid F.T.W.W.W.
51%
The World Is Ugly
49%
Singles/Covers Under Pressure
49%
Make Room!!!!
48%
Black Parade B-Sides My Way Home Is Through You
47%
Foundations of Decay
45%
Kiss the Ring
45%
Burn Bright
44%
Living With Ghosts The Five of Us Are Dying
41%
All the Angels
40%
Heaven Help Us
40%
Goodnite, Dr. Death
39%
Desolation Row
37%
Tomorrow's Money
37%
Surrender the Night
35%
All I Want For Christmas Is You
33%
Fake Your Death
29%
Black Dragon Fighting Society
28%
Mastas of Ravenkroft
27%
Not That Kind of Girl
27%
We Don't Need Another Song About California
27%
Every Snowflake is Different (Just Like You)
24%
Zero Percent
21%
Party at the End of the World
20%
Sister to Sleep
8%
No matching quizzes found
Score Distribution
Percent of People with Each Score
Percentile by Number Answered
Your Score History
You have not taken this quiz